00538nam a22001817a 450000500170000001000150001702000260003203500130005803700130007108200130008424500950009726000380019227000500023030000200028050000190030070000180031970000190033720130514152458.0 aENG-107097 a9789381090695c500.00 aEN-90630 bDBAD/PUB a891.441410aTagore and the west essays in appreciation /cedited by Anand Prakash [and] Ujjawal Sharma aHaryanabShanti Prakashanc(201?) a1780, Sector-1, Delhi By-passbRohtake124001 a187p.c22cm(Hb) aIncludes index aAnand Prakash aSharma, Ujjwal